| 000 | 00000cam 2200000zi 4500 |
| 001 | 9.954902 |
| 003 | CaOODSP |
| 005 | 20260216080059 |
| 006 | m o d f |
| 007 | cr cn||||||||| |
| 008 | 250908t20252025onca o f000 0 eng d |
| 020 | |a9780660788234 |
| 040 | |aCaOODSP|beng|erda|cCaOODSP |
| 043 | |an-cn--- |
| 086 | 1 |aH149-36/2025E-PDF |
| 245 | 00|aHow vaping is regulated and why it matters : |bhow the federal government regulates vaping products. |
| 246 | 10|aHow the federal government regulates vaping products |
| 264 | 1|a[Ottawa] : |bHealth Canada = Santé Canada, |c[2025] |
| 264 | 4|c©2025 |
| 300 | |a1 online resource (5 pages) : |billustrations |
| 336 | |atext|btxt|2rdacontent |
| 337 | |acomputer|bc|2rdamedia |
| 338 | |aonline resource|bcr|2rdacarrier |
| 500 | |aCaption title. |
| 500 | |aIssued also in French under title: Comment le vapotage est réglementé et pourquoi c'est important : comment le gouvernement fédéral réglemente les produits de vapotage. |
| 520 | |a"In light of the growing presence of vaping products on the Canadian market, and in response to the 2015 report of the House of Commons' Standing Committee on Health entitled 'Vaping : toward a regulatory framework for e-cigarettes,' the legal framework for regulating vaping products was changed in 2018 to protect young persons from nicotine addiction and tobacco use while allowing adults access to vaping products as a less harmful alternative to smoking"--Page [1]. |
| 530 | |aIssued also in printed form. |
| 650 | 0|aVaping|xLaw and legislation|zCanada. |
| 650 | 0|aTobacco products|xLaw and legislation|zCanada. |
| 710 | 1 |aCanada. |bHealth Canada, |eissuing body. |
| 775 | 08|tComment le vapotage est réglementé et pourquoi c'est important : |w(CaOODSP)9.954906 |
| 776 | 0#|tRegulating vaping products.|w(CaOODSP)9.954903 |
| 856 | 40|qPDF|s292 KB|uhttps://publications.gc.ca/collections/collection_2026/sc-hc/H149-36-2025-eng.pdf |
| 986 | |a250220 |